00391nam a22001457a 450000500170000000800410001702000150005804100130007308200130008610000120009924500270011126000560013830000250019465000260021920240822103252.0240822b |||||||| |||| 00| 0 eng d a0409034673 aEnglish  a349 LAW  lEnglish aThe Lawyer's Yearbook  aDurban: bButterworth Publishers (Pty) Ltd, c1995  b331 pages; c25 cm.  aLegal practice bLaw